Eliminate #3 - South American Countries - Statistics

General Stats
  • This quiz has been taken 91 times
  • The average score is 11 of 12
Answers on the Map
Answers color-coded by a green-red scale on the quiz's map according to % correct below.
 
Answer Stats
Answer % Correct
Brazil
100%
Argentina
93%
Guyana
93%
Chile
91%
Bolivia
86%
Paraguay
86%
Colombia
85%
Ecuador
85%
Uruguay
85%
Peru
84%
Suriname
83%
Venezuela
80%
No matching quizzes found
Score Distribution
Percent of People with Each Score
Percentile by Number Answered
Your Score History
You have not taken this quiz